000 00382nam a22001457a 4500
005 20130712160658.0
008 130712t xxu||||| |||| 00| 0 eng d
100 _aGAGNON,M
245 _aTHE MANDEANS
260 _aRome
_bPISAI
_c1991
300 _aVOL.14 NO.179
440 _aENCOUNTER
942 _2lcc
_cART
999 _c155028
_d154988